Statistics for 50 biggest USA metro areas

Click here to take the quiz!

General Stats

  • This quiz has been taken 158 times
  • The average score is 42 of 50

Answer Stats

HintAnswer% Correct
18,867,000New York City
100%
12,488,000Los Angeles
99%
8,901,000Chicago
98%
6,388,000Dallas
96%
6,693,000Houston
96%
6,215,000Miami
96%
5,756,000Philadelphia
96%
5,434,000Washington DC
95%
3,521,000Detroit
94%
4,625,000Phoenix
94%
3,318,000San Francisco
94%
3,489,000Seattle
94%
2,197,000Portland
93%
6,013,000Atlanta
92%
4,327,000Boston
92%
1,711,000Kansas City
92%
2,945,000Tampa
92%
2,897,000Denver
91%
2,839,000Las Vegas
91%
3,295,000San Diego
91%
2,343,000Baltimore
90%
2,221,000St Louis
90%
2,204,000Charlotte
89%
1,687,000Columbus
89%
2,967,000Minneapolis
89%
2,038,000Orlando
89%
2,413,000San Antonio
89%
2,176,000Austin
88%
1,761,000Cleveland
88%
1,314,000Jacksonville
87%
1,005,000New Orleans
87%
1,764,000Cincinnati
86%
1,163,000Memphis
86%
1,858,000Indianapolis
85%
1,448,000Milwaukee
85%
1,294,000Nashville
85%
1,008,000Oklahoma City
83%
1,699,000Pittsburgh
83%
2,186,000Sacramento
83%
1,809,000San Jose
83%
1,547,000Raleigh
79%
1,107,000Louisville
74%
1,192,000Salt Lake City
73%
1,128,000Richmond
70%
1,482,000Virginia Beach
68%
1,003,000Tucson
67%
2,550,000Riverside
55%
1,201,000Providence
54%
1,010,000Hartford
48%
1,060,000McAllen
23%

Score Distribution

Percentile by Number Answered

Percent of People with Each Score

Your Score History

You have not taken this quiz